Ručně malovaná mapa Příbramsko = Hand painted map Příbramsko /

Main Author: Kapsdorfer, Miroslav
Language: German
Czech
English
Published: Zlín : Malované Mapy, s.r.o., 2015
Edition: 1. vydání
Physical Description: 1 mapa : barevná ; 55 x 82 cm, na listu 65 x 96 cm, složeno na 22 x 13 cm + 1 brožura (71 stran ; 22 cm)
Language note: Český, anglický a německý text
Map
Saved in:
LEADER 01872nem a2200445 i 4500
001 nkc20162775729
003 CZ PrNK
005 20160308082715.0
007 aj canzn
008 160211s2015 xr i a 1 cze
015 |a cnb002775729 
020 |a 978-80-87724-54-5 
034 1 |a a  |b 80000  |d E0134718  |e E0142609  |f N0495246  |g N0493034 
040 |a ABA001  |b cze  |e rda 
041 0 |a cze  |a eng  |a ger 
043 |a e-xr---  |b e-xr-st  |2 czenas 
072 7 |a 913(437)  |x Geografie Česka a Slovenska, reálie, cestování  |2 Konspekt  |9 7 
072 7 |a 912  |x Mapy. Atlasy. Glóby  |2 Konspekt  |9 7 
080 |a 913(437.312)  |2 MRF 
080 |a (084.3)  |2 MRF 
100 1 |a Kapsdorfer, Miroslav  |7 pna2014818817  |4 ill 
245 1 0 |a Ručně malovaná mapa Příbramsko =  |b Hand painted map Příbramsko /  |c malba mapy Miroslav Kapsdorfer 
246 1 |i Název v tiráži:  |a Příbramsko 
250 |a 1. vydání 
255 |a Měřítko 1:80 000  |c (E 13°47'18"--E 14°26'09"/N 49°52'46"--N 49°30'34") 
264 1 |a Zlín :  |b Malované Mapy, s.r.o.,  |c 2015 
300 |a 1 mapa :  |b barevná ;  |c 55 x 82 cm, na listu 65 x 96 cm, složeno na 22 x 13 cm +  |e 1 brožura (71 stran ; 22 cm) 
336 |a kartografický obraz  |b cri  |2 rdacontent 
337 |a bez média  |b n  |2 rdamedia 
338 |a list  |b nb  |2 rdacarrier 
500 |a Ve společných plastových deskách 
500 |a Na rubu vlastivědný text, město Příbram, vodní nádrž Orlík, v brožuře text k partnerským městům a obcím projektu Malovaná mapa Příbramsko 
546 |a Český, anglický a německý text 
651 7 |a Příbram (Česko : oblast)  |7 ge130587  |2 czenas 
655 7 |a mapy  |7 fd132800  |2 czenas 
910 2 |a BOA001  |b Mp2-1363.646 
990 |a MP 
995 |a 01 
991 |b 201603  |c NOV 
996 6 |b 2610663251  |c Mp2-1363.646  |l MZK  |r Sklad / do 1 hodiny  |n 0  |p p.v.  |w 001549325  |u 000010  |a 1  |e BOA001  |j MZK50  |s P